Chotkové : příběh úřednické šlechty /

Hlavní autor: Cerman, Ivo, 1976-
Jazyk: Čeština
Vydáno: Praha : Nakladatelství Lidové noviny, 2008
Vydání: Vyd. 1.
Edice: Šlechtické rody Čech, Moravy a Slezska
Témata:
Externí odkaz: Digitalizovaný dokument
Fyzický popis: 757 s., [8] s. barev. obr. příl. : il., mapy, portréty, faksim., geneal. tabulky ; 21 cm
Knihy
Uloženo v:
LEADER 01821nam a2200469 a 4500
001 nkc20081831994
003 CZ PrNK
005 20091123114226.0
007 ta
008 081125s2008 xr abcff 001 0dcze
015 |a cnb001831994 
020 |a 978-80-7106-977-5  |q (váz.) :  |c Kč 499,00 
035 |a (OCoLC)316301032 
040 |a ABA001  |b cze 
043 |a e-xr--- 
072 7 |a 929.5/.9  |x Genealogie. Heraldika. Šlechta. Vlajky  |2 Konspekt  |9 8 
080 |a 929.732  |2 MRF 
080 |a 929.52  |2 MRF 
080 |a (437.3)  |2 MRF 
080 |a (048.8)  |2 MRF 
100 1 |a Cerman, Ivo,  |d 1976-  |7 js20021118006  |4 aut 
245 1 0 |a Chotkové :  |b příběh úřednické šlechty /  |c Ivo Cerman 
250 |a Vyd. 1. 
260 |a Praha :  |b Nakladatelství Lidové noviny,  |c 2008 
300 |a 757 s., [8] s. barev. obr. příl. :  |b il., mapy, portréty, faksim., geneal. tabulky ;  |c 21 cm 
490 1 |a Šlechtické rody Čech, Moravy a Slezska ;  |v sv. 7 
504 |a Obsahuje bibliografie, bibliografické odkazy a rejstřík 
600 3 7 |a Chotkové (rod)  |7 xx0088712  |2 czenas 
650 0 7 |a šlechtické rody  |7 ph127826  |z Česko  |2 czenas 
650 0 7 |a šlechtické rody  |7 ph127826  |x dějiny  |2 czenas 
650 0 9 |a house of nobility  |z Czechia  |2 eczenas 
650 0 9 |a house of nobility  |x history  |2 eczenas 
655 7 |a monografie  |7 fd132842  |2 czenas 
655 9 |a monographs  |2 eczenas 
830 0 |a Šlechtické rody Čech, Moravy a Slezska  |0 s 
856 4 1 |u http://www.digitalniknihovna.cz/mzk/uuid/uuid:8b7d1f20-c3a5-11e3-b110-005056827e51  |y Digitalizovaný dokument  |x NDK 
910 2 |a BOA001  |b 2-1220.984 
928 9 |a NLN, Nakladatelství Lidové noviny 
990 |a BK 
995 |a 01 
991 |b 200904  |c NOV 
996 6 |b 2610373238  |c 2-1220.984  |l MZK  |r Sklad / do 1 hodiny  |n 10  |p p.v.  |w 000935045  |u 000010  |a 1  |e BOA001  |j MZK50  |s P